Statistics for Largest National Parks

Click here to take the quiz!

General Stats

  • This quiz has been taken 122 times
  • The average score is 12 of 20

Answer Stats

Rank Answer % Correct
8Yellowstone
99%
16Yosemite
91%
11Grand Canyon
83%
12Glacier
78%
3Denali
74%
5Death Valley
72%
10Everglades
71%
13Olympic
60%
2Gates of the Arctic
59%
14Big Bend
55%
1Wrangell-St. Elias
55%
19Great Smokey Mountains
54%
4Katmai
51%
6Glacier Bay
47%
7Lake Clark
43%
15Joshua Tree
43%
17Kenai Fjords
41%
20North Cascades
40%
9Kobuk Valley
39%
18Isle Royale
20%

Score Distribution

Percentile by Number Answered

Percent of People with Each Score

Your Score History

You have not taken this quiz